Загрузка...
Hindi natak ki bhumika: madhya varg ke sandarbh mem
| Главный автор: | |
|---|---|
| Формат: | Printed Book |
| Опубликовано: |
Aligad, Jagruthi prakashan
1982
|
| Предметы: |
| LEADER | 005040000a22001570004500 | ||
|---|---|---|---|
| 082 | |a 891.430 09 MOO/H M2 | ||
| 100 | |a Moolchand Gautam | ||
| 245 | |a Hindi natak ki bhumika: madhya varg ke sandarbh mem | ||
| 260 | |a Aligad, Jagruthi prakashan | ||
| 260 | |c 1982 | ||
| 650 | |a Criticism | ||
| 650 | |a Hindi | ||
| 650 | |a Literature | ||
| 942 | |c BK | ||
| 999 | |c 131877 |d 131873 | ||
| 952 | |0 0 |1 0 |4 0 |6 891_430000000000000_09_MOO_H_M2 |7 0 |9 130813 |a SCP |b SCP |d 2014-02-11 |l 0 |o 891.430 09 MOO/H M2 |p SCP02935 |r 2014-02-11 |w 2014-02-11 |y BK | ||